| 000 | 00951 aa a2200229 4500 | ||
|---|---|---|---|
| 005 | 20120519130952.0 | ||
| 010 | _a | ||
| 020 |
_c80.00 _a8190237284 |
||
| 035 | _aB-138306 | ||
| 037 | _bpub | ||
| 082 | _a523.4 | ||
| 100 |
_aगोयल, हरीश _947478 |
||
| 245 |
_aवृहत ग्रह बृहस्पति, खूबसूरत ग्रह शनि / _cहरीश गोयल _b |
||
| 246 |
_a _b |
||
| 260 |
_aबीकानेर _bहिन्दी पुस्तक सदन _c2004 |
||
| 270 |
_a _bनई दिल्ली _e _k |
||
| 300 |
_a64पृ _c22 सेमी (सजिल्द) |
||
| 650 |
_aहिन्दी उपन्यास _947479 |
||
| 650 |
_aHindi Novel _947480 |
||
| 942 |
_adpl _cHN _k _2ddc _h523.4 _mगोयल |
||
| 999 |
_c66914 _d66914 |
||